000 00743nas a2200241 4500
001 BR9103943
003 BR-BrBNA
005 20231205092144.0
007 ta
008 230509b bl.|||p| |||| 00| 00por d
040 _aBR-BrBNA
_bpor
_cBiblioteca Nacional de Agricultura
041 _a(Pt)
072 _aF01; E70
110 1 _aCentro de Pesquisas do Cacau, Ilheus, BA (Brasil)
_91631
245 1 _aPupunha produz frutos nutritivos e excelente palmito para exportacao
650 _aPUPUNHA
650 _aPALMITO
650 _aEXPORTACAO
650 _aPRECO
773 0 _tDifusao Agropecuaria (Brazil)
_xISSN 0103-3824
_g(Jan-Apr 1990), v. 2(1) p. 36-39
_wBR9103943
909 _a202311
_bLúcia
_c55
_dLúcia Elande
942 _2AGRIS
_n0
_cANA
999 _c129721
_d129721